000 00812nam a2200241Ia 4500
003 IN-BaIIA
008 211028s9999 xx 000 0 eng d
020 _a81-7041-762-7
040 _cIIA Library
080 _a[8]:01:00
_bWOR-1
245 0 _aWorld great physicists
_bvol. 1
_cedited by G. R. Chhatwal…[et.al.]
260 _aNew Delhi
_bAnmol Publications
_c1993
300 _a376p.
490 _aEncyclopaedia of world great scientists series
650 _aAstronomy and astrophysics thesaurus
650 _aBiography - Physicists
_95693
650 _aPhysicists - Biography
_95694
700 _aAnand, S. C., ed.
_918569
700 _aArora, S. K., ed.
_918570
700 _aChhatwal, G. R., ed.
_918571
700 _aRaj Kumar, ed.
_918572
942 _cBK
999 _c10857
_d10857